Are They Countries? - Sudden Death - Statistics

General Stats
  • This quiz has been taken 187 times
  • The average score is 13 of 16
Answers on the Grid
Answers color-coded by a green-red scale on the quiz's grid according to % correct below.
Armenia
Caraguay
Bosnia and Herzegovina
Transylvania
Palau
St Kitts and Nevis
Kiribati
Liechtenstein
New Angles
Alberta
Myanmar
Chengdu
Papal States
Yugoslavia
Tanganyika
Mozambique
Zhengzhou
Rwanda
Saxony
Gabon
Puerto Rico
Bhutan
Guyana
Canary Islands
Lebanon
Boliviar
Ireland
El Salvador
Europe
Saidi Arambia
Nairobi
South Korea
Jamichetistan
 
Answer Stats
Answer % Correct
Country in Europe Liechtenstein
87%
Country in Asia Bhutan
85%
Country in Europe Ireland
85%
Country in Asia South Korea
85%
Country in Asia Armenia
84%
Country in North America El Salvador
83%
Country in Africa Gabon
83%
Country in South America Guyana
83%
Country in Oceania Kiribati
83%
Country in Asia Lebanon
83%
Country in Africa Mozambique
83%
Country in the Caribbean St Kitts and Nevis
83%
Country in Europe Bosnia and Herzegovina
82%
Country in Africa Rwanda
82%
Country in Asia Myanmar
81%
Country in Oceania Palau
79%
No matching quizzes found
Score Distribution
Percent of People with Each Score
Percentile by Number Answered
Your Score History
You have not taken this quiz